Statystyki dla Wymień 15 najpszych zawodników w historii Piłki Nożnej

Kliknij tutaj aby rozwiązać quiz!

Ogólne statystyki

  • Ten quiz został rozwiązany 236 razy
  • Średni wynik to 8 z 15

Statystyki odpowiedzi

HintOdpowiedź% Poprawnych
BrazilRonaldo
95%
PortugalRonaldo
95%
ArgentinaMessi
92%
ArgentinaMaradona
79%
FranceZidane
69%
BrazilNeymar
66%
BrazilRonaldinho
65%
GermanyMuller
55%
PortugalEusebio
47%
FranceHenry
45%
NetherlandsCruyff
39%
BrazilKaka
32%
EnglandBeckham
30%
BrazilRomario
11%
EnglandDixie dean
0%

Rozkład punktacji

Percentyl według liczby udzielonych odpowiedzi

Procent ludzi z każdym wynikiem

Twoja historia wyników

Nie rozwiązałeś tego quizu